| 000 | 01183ny a22002893n 4500 | ||
|---|---|---|---|
| 005 | 20240305165323.0 | ||
| 008 | 040419s2006 po k 000 0 por | ||
| 020 | _a9789727491230 | ||
| 035 | _a1848 | ||
| 040 |
_aDLC _cDLC _dvLex |
||
| 050 | 0 | 0 |
_aKKQ3558 _b.L45 2004 |
| 050 | 0 | 0 |
_aKKQ3558 _b.L45 2004 |
| 090 |
_c958 _d958 |
||
| 100 | 1 | _aLeitâo, Helder Martins | |
| 245 | 1 | 0 |
_aDireito do contribuinte _h[Recurso electrónico] _bà informaçâo e à audiçâo prévia / _cHelder Martins Leitâo |
| 256 | _aServicio en línea | ||
| 260 |
_aPorto : _bE.L.C.L.A., _c2006 |
||
| 300 |
_a87 p. : _bforms ; _c23 cm. |
||
| 490 | 1 |
_aColecçâo Nova fiscus ; _v3 |
|
| 506 | 1 |
_aContenido solo disponible en los productos indicados _dvLex Global _dvLex Global (Academic Edition, excluding Law Schools) _dvLex Global (U.S. Academic Edition, Law Schools) _dvLex Global (U.S. Academic Edition, excluding Law Schools) _dvLex Global (Academic Edition, Law Schools) |
|
| 650 | 0 | 4 |
_aDerecho fiscal _zPortugal |
| 650 | 0 | 4 | _aImpuesto sobre la renta |
| 740 | 0 | _avLex Libros (Servicios en línea) | |
| 830 | 0 |
_aNova fiscus. _nColeccao |
|
| 856 | 4 | 0 | _uhttps://app.vlex.com/#/sources/1848 |
| 942 | _cRAA | ||
| 999 |
_c159465 _d159465 |
||